000 00483nam a2200181Ia 4500
005 20250326124110.0
008 250326s9999 xx 000 0 und d
037 _aTextbook
040 _aFMSL
_beng
_cFMSL
041 _aeng
_2eng
084 _aX:4 K7
_qFMSL
100 _aChoudhury S K
_9239467
245 0 _aLectures on transport
_cChoudhury S K
260 _aBhopal
_bBhopal, Lyall Book
_c1967
300 _a312p
942 _cTB
_hX:4 K7
999 _c1272272
_d1272272